| 000 | 00763nam a22002531 4500 | ||
|---|---|---|---|
| 001 | 33085 | ||
| 003 | BD-RjUL | ||
| 005 | 20211209051937.0 | ||
| 008 | 140430r19631960enka b 001 0 eng | ||
| 035 | _a(BD-RjUL)33176 | ||
| 040 |
_aDLC _cDLC _dDLC _dBD-RjUL _beng |
||
| 041 | _aeng | ||
| 082 | 0 | 0 |
_a301.15 _bMCI 1963 |
| 100 | 1 |
_aMcDougall, William, _d1871-1938. _986718 |
|
| 245 | 0 | 3 |
_aAn introduction to social psychology / _cby William McDougall. |
| 260 |
_aLondon : _bMethuen ; _bBarnes & Noble, _c1963. |
||
| 300 |
_axxix, 524 p. : _billu. ; _c21 cm. |
||
| 490 | 0 |
_aUniversity paperbacks _vUP-6 |
|
| 504 | _aIncludes bibliography and index. | ||
| 650 | 0 |
_aSocial psychology. _9100534 |
|
| 942 |
_2ddc _cBK |
||
| 999 |
_c33085 _d33085 |
||